| 000 | 00661nam a2200181 4500 | ||
|---|---|---|---|
| 008 | 080102s2007 ph 000 0 eng | ||
| 020 |
_a9789710021192 : _cPhp120 |
||
| 090 |
_aP306.5 _bAr2b |
||
| 100 | 1 | _aArceo, Jose A. | |
| 245 | 1 | 0 |
_aA beginner's guide for Pinoy translators / _cJose Teodyrico Abella Arceo |
| 260 |
_aMakati City : _bChurch Strengthening Ministry, _cc2007. |
||
| 300 | _a69 p. | ||
| 504 | _aIncludes bibliography and appendices. | ||
| 650 | 4 |
_aTranslating and interpreting _xStudy and teaching |
|
| 650 | 4 |
_aTranslators _xTraining of |
|
| 951 |
_p31532 _x00035976 _oFIL-REFP306.5/Ar2b _j080102134707421 _d2000-12-21 _cFIL-REF |
||
| 999 |
_c30698 _d30698 |
||